000 00553nam a2200169 a 4500
001 000040224
005 20201002034008.0
008 130819s1969 sp 000 0 spa d
040 _aDO-SdBNP
_bspa
_cBNPHU
100 1 _aGuillén, Nicolás
_911240
245 1 3 _aEl gran zoo /
_cNicolás Guillén.
260 _aMadrid :
_bEditorial Ciencia Nueva,
_c1969.
300 _a71 p. ;
_c22 cm.
490 1 _aEl bardo colección de poesía
500 _aIncluye datos biográficos del autor en la contracubierta
830 0 _aEl bardo colección de poesía
_966489
999 _c39714
_d39714